| 000 -ლიდერი |
| ფიქსირებული სიგრძის საკონტროლო ველი |
01293nam a2200253Ia 4500 |
| 001 - საკონტროლო ნომერი |
| საკონტროლო ველი |
3446 |
| 003 - საკონტროლო ნომრის იდენტიფიკატორი |
| საკონტროლო ველი |
GE_BSU |
| 005 - ბოლო ოპერაციის თარიღი და დრო |
| საკონტროლო ველი |
20190618145043.0 |
| 008 - ფიქსირებული სიგრძის მონაცემთა ელემენტები - ზოგადი ინფორმაცია |
| ფიქსირებული სიგრძის საკონტროლო ველი |
181216s2008||||ge |||||||||||||| ||geo|| |
| 020 ## - წიგნის საერთაშორისო სტანდარტული ნომერი |
| International Standard Book Number |
99928445212 |
| 040 ## - კატალოგიზაციის წყარო |
| Transcribing agency |
GE_BSU |
| 041 ## - ენის კოდი |
| Language code of text/sound track or separate title |
geo |
| 080 ## - უნივერსალური ათობითი კლასიფიკაციის ინდექსი |
| Universal Decimal Classification number |
634.5 ნ–69 |
| 100 ## - მთავარი ჩანაწერი - პიროვნების სახელი |
| Personal name |
ნიჟარაძე, მანუჩარ |
| 9 (RLIN) |
2541 |
| 245 ## - ცნობა სათაურის შესახებ |
| Title |
კაკლის აგრობიოლოგიური ნიშანთვისებებისა და გამრავლების საკითხები აჭარის სუბტროპიკული ზონის პირობებში / |
| Statement of responsibility, etc |
რედ. რეზო ჯაბნიძე. ზურაბ ბაკურიძე. |
| 264 ## - წარმოების, გამოცემის, დისტრიბუციის და სხვა ცნობები |
| გამოცემის, წარმოების, დისტრიბუციის... ადგილი |
ბათუმი, |
| გამოცემის, წარმოების, დისტრიბუციის... თარიღი |
2009. |
| 300 ## - ფიზიკური აღწერა |
| Extent |
94 გვ.; |
| Other physical details |
20 სმ. |
| 653 ## - INDEX TERM--UNCONTROLLED |
| Uncontrolled term |
აგრობიოლოგია |
| 653 ## - INDEX TERM--UNCONTROLLED |
| Uncontrolled term |
კაკლის აგრობიოლოგიური ნიშანთვისებები |
| 653 ## - INDEX TERM--UNCONTROLLED |
| Uncontrolled term |
კაკლის გამრავლების საკითხები |
| 700 ## - ADDED ENTRY--PERSONAL NAME |
| Personal name |
ჯაბნიძე, რეზო |
| Relator term |
რედაქტორი |
| 9 (RLIN) |
2484 |
| 700 ## - ADDED ENTRY--PERSONAL NAME |
| Personal name |
ბაკურიძე, ზურაბ |
| Relator term |
რედაქტორი |
| 9 (RLIN) |
2542 |
| 942 ## - ADDED ENTRY ELEMENTS (KOHA) |
| Koha item type |
წიგნი |
| Source of classification or shelving scheme |
|